Soudobá buržoazní filozofie : vybrané kapitoly /
Uložené v:
| Hlavní autori: | , |
|---|---|
| Médium: | Kniha |
| Jazyk: | Czech |
| Vydané: |
Praha :
Státní pedagogické nakladatelství,
1988
|
| Vydanie: | 1. vyd. |
| Témy: | |
| ISBN: |
(brož.) |
| Fyzický popis: |
97 s. |
| Tagy: |
Pridať tag
Žiadne tagy, Buďte prvý kto otaguje tento záznam!
|
Titul je dostupný aj v ... 

MARC
| LEADER | 00000nam a2200000 a 4500 | ||
|---|---|---|---|
| 001 | 000282909 | ||
| 005 | 20061116100159.0 | ||
| 008 | 061109s1988 xr e 000 0 czeo | ||
| 020 | |a (brož.) | ||
| 040 | |a SVKKK |b slo |c SVKKK |e AACR2 | ||
| 041 | 0 | |a cze | |
| 044 | |a xr |c CZ | ||
| 100 | 1 | |a Dvořák, Alois, |d 1924-2016 |4 aut | |
| 245 | 1 | 0 | |a Soudobá buržoazní filozofie : |b vybrané kapitoly / |c Alois Dvořák, Luděk Dvořák |
| 250 | |a 1. vyd. | ||
| 260 | |a Praha : |b Státní pedagogické nakladatelství, |c 1988 | ||
| 300 | |a 97 s. | ||
| 655 | 7 | |a učebnice vysokých škôl |2 SVKKKPH | |
| 700 | 1 | |a Dvořák, Luděk |4 aut | |
| 998 | |a BK | ||
| 090 | |g SCKHL |k Sklad Pribinova 3. posch. |a V.144630 |j 781861 |i 2720973760 |s Povinný výt. | ||
| 090 | |g SCKHL |k Sklad Pribinova 3. posch. |a V.164966 |j 780360 |i B84977 |4 Multiplikát |s Vyradená | ||
| 090 | |g SCKHL |k Sklad Pribinova 3. posch. |a V.164967 |j 780361 |i 2720951867 |s Absenčne | ||